MyGZULibrary

Person to person : (Record no. 4456)

MARC details
000 -LEADER
fixed length control field 01037nam a2200289 a 4500
001 - CONTROL NUMBER
control field 1408136
003 - CONTROL NUMBER IDENTIFIER
control field GZU
005 - DATE AND TIME OF LATEST TRANSACTION
control field 20210316100254.0
008 - FIXED-LENGTH DATA ELEMENTS--GENERAL INFORMATION
fixed length control field 830416s1984 ilua j 001 0 eng
010 ## - LIBRARY OF CONGRESS CONTROL NUMBER
LC control number 83061294
040 ## - CATALOGING SOURCE
Original cataloging agency DLC
Transcribing agency DLC
Modifying agency DLC
042 ## - AUTHENTICATION CODE
Authentication code lcac
050 00 - LIBRARY OF CONGRESS CALL NUMBER
Classification number P95
Item number .GAL 1984
082 00 - DEWEY DECIMAL CLASSIFICATION NUMBER
Classification number 302.2/242
Edition number 19
100 1# - MAIN ENTRY--PERSONAL NAME
Personal name Galvin, Kathleen M.
245 10 - TITLE STATEMENT
Title Person to person :
Remainder of title an introduction to speech communication /
Statement of responsibility, etc. by Kathleen Galvin & Cassandra Book ; consulting editor, Bernard J. Brommel.
260 ## - PUBLICATION, DISTRIBUTION, ETC.
Place of publication, distribution, etc. Lincolnwood, Ill., U.S.A. (4255 W. Touhy Ave, Lincolnwood 60646-1975) :
Name of publisher, distributor, etc. National Textbook Co.,
Date of publication, distribution, etc. c1984.
300 ## - PHYSICAL DESCRIPTION
Extent 328 p. :
Other physical details ill. (some col.) ;
Dimensions 24 cm.
500 ## - GENERAL NOTE
General note Includes index.
520 ## - SUMMARY, ETC.
Summary, etc. A textbook for the upper grades exploring various aspects of oral communication.
650 #0 - SUBJECT ADDED ENTRY--TOPICAL TERM
Topical term or geographic name entry element Oral communication.
650 #1 - SUBJECT ADDED ENTRY--TOPICAL TERM
Topical term or geographic name entry element Oral communication.
650 #1 - SUBJECT ADDED ENTRY--TOPICAL TERM
Topical term or geographic name entry element Communication.
700 1# - ADDED ENTRY--PERSONAL NAME
Personal name Book, Cassandra L.
906 ## - LOCAL DATA ELEMENT F, LDF (RLIN)
a 7
b cbc
c orignew
d 3
e opcn
f 19
g y-gencatlg
942 ## - ADDED ENTRY ELEMENTS (KOHA)
Source of classification or shelving scheme Library of Congress Classification
Koha item type Books
Classification part 95
Item part GAL
Call number prefix P
Holdings
Withdrawn status Lost status Damaged status Not for loan Collection code Home library Current library Shelving location Date acquired Total Checkouts Full call number Barcode Date last seen Copy number Price effective from Koha item type
        Non-fiction City Campus Library City Campus Library General Stacks 03/16/2021   P95GAL1984 002744 03/16/2021 c.1 03/16/2021 Books